000 00608nam a2200205Ia 4500
003 GCL
008 140319s9999 xx 000 0 eng d
040 _aGCL /
_cGCL
082 0 4 _aCC
_b493.1
_bF A
100 1 _aFISCHER, HENRY GEORGE
245 1 0 _aANCIENT EGYPTIAN CALLIGRAPHY: A BEGINNER'S GUIDE TO WRITING HIEROGLYPHS /
_cFISCHER, HENRY GEORGE
260 _a[S.N] :
_bTHE METROPOLITAN MUSEUM OF ARTS ،
_c1988
300 _a68 P
650 0 4 _aEGYPTOLOGY
650 0 4 _aCALLIGRAPHY
650 0 4 _aEGYPTIAN LANGUAGE
650 0 4 _aANCIENT EGYPTIAN LANGUAGE
650 0 4 _aHIEROGLYPHES
942 _2ddc
_cBK
999 _c15366
_d15366